01621nam a2200385Ia 4500001001200000003000800012006001900020007001500039008004100054010001700095020002600112020001800138040002100156035002100177041001300198050002600211082001200237100003600249240003200285245012200317260007700439300001500516500009600531500011600627504005100743533015200794650002300946650002100969650002800990655002901018700002801047710001701075856012601092999001701218ebr10738082CaPaEBRm o u cr cn|||||||||130329s2013 enk sb 001 0 eng d z 2013011895 z9781119961888 (cloth) z9781118454091 aCaPaEBRcCaPaEBR a(OCoLC)8570674671 aenghdut14aHM1033b.V6413 2013eb04a3022231 aVoestermans, P.q(Paul),d1946-10aCultuur & lichaam.lEnglish10aCulture as embodimenth[electronic resource] :bthe social tuning of behavior /cPaul Voestermans and Theo Verheggen. aChichester, West Sussex ;aHoboken, NJ :bJohn Wiley & Sons Inc.,c2013. axi, 332 p. a"Dutch edition published 2007 by Open Universiteit Nederland and Blackwell Publishing Ltd." aRevised edition of the author's Cultuur & lichaam : een cultuurpsychologisch perspectief op patronen in gedrag. aIncludes bibliographical references and index. aElectronic reproduction.bPalo Alto, Calif. :cebrary,d2013.nAvailable via World Wide Web.nAccess may be limited to ebrary affiliated libraries. 0aSocial psychology. 0aEthnopsychology. 0aCulture and psychology. 7aElectronic books.2local1 aVerheggen, Theo,d1972-2 aebrary, Inc.40uhttp://site.ebrary.com/lib/rucke/Doc?id=10738082zAn electronic book accessible through the World Wide Web; click to view c36368d36368